Decades by Literature Quiz Stats

Quiz Updated Mar 4, 2015

Challenge
Share
Tweet
Embed
Score 0/18 Timer 06:00
0 Plays Today
% Correct
2000s
79.1%
1990s
72.7%
1590s
68.6%
1920s
68%
1960s
64.4%
1940s
63.6%
1970s
63.4%
1930s
61.3%
1850s
58.7%
% Correct
1980s
58.2%
1870s
56.6%
1950s
55.5%
1770s
55.2%
1660s
46.6%
1810s
45.9%
1910s
35.8%
1720s
33.1%
1900s
30.2%

You're not logged in!

Compare scores with friends on all Sporcle quizzes.
Sign Up with Email
OR
Log In

You Might Also Like...

Show Comments

Extras

Top Quizzes Today


Score Distribution

Your Account Isn't Verified!

In order to create a playlist on Sporcle, you need to verify the email address you used during registration. Go to your Sporcle Settings to finish the process.